000 00263nam a2200097Ia 4500
008 201216s9999 xx 000 0 und d
100 _aTaylor, Bernard and Hussey, David
245 0 _a(The) Realities of Planning
260 _aOxford
_bPargamon Press
_c1983
300 _a0
999 _c6032
_d6032